000 00703nam a2200193 i 4500
001 32462
003 ES-MaACL
005 20230906154558.0
007 t|
008 030131s1946 sp ||||1| spa d
100 1 _aBalaguer Sánchez, Fedérico.
_924808
245 1 3 _aUn monasterio medieval
_b: San Pedro el Viejo /
_cpor Fedérico Balaguer.
260 _aHuesca :
_b[s.n.,
_c1946] (
_fImp. Vda. de L. Pérez)
300 _a69 p., 7 lám. ;
_c21 cm.
500 _aFecha tomada de la cubierta.
500 _aPrecede al tít.: Ciclo de conferencias organizado por el Museo Arqueológico Provincial de Huesca.
710 2 _aMuseo Provincial de Huesca.
_9151310
852 _aES-MaACL
_j1918-F-2
_bR.30034
999 _c32462
_d32462